[Event "Valasska Bystrice op"]
[Site "Valasska Bystrice"]
[Date "2013.09.08"]
[Round "2"]
[White "Karlik, Vladimir"]
[Black "Imek, Jiri"]
[Result "1-0"]
[WhiteElo "2284"]
[BlackElo "2016"]
[PlyCount "51"]
[EventDate "2013.09.07"]
[EventType "swiss"]
[EventRounds "9"]
[EventCountry "CZE"]
[SourceTitle "CBM 156 Extra"]
[Source "ChessBase"]
[SourceDate "2013.10.22"]
[SourceVersion "1"]
[SourceVersionDate "2013.10.22"]
[SourceQuality "1"]

1. d4 d5 2. Bf4 Nf6 3. e3 Bf5 4. c4 c6 5. Nc3 e6 6. Qb3 Qb6 7. c5 Qxb3 8. axb3 Nbd7 9. b4 a6 10. b5 cxb5 11. Bxb5 Rc8 12. Be2 Be7 13. h3 0-0 14. Nf3 h6 15. 0-0 Ne4 16. Ra3 Ra8 17. Rb3 Ra7 18. Ra1 Nxc3 19. bxc3 g5 20. Bh2 Rd8 21. Ra2 e5 22. Nxe5 Nxe5 23. Bxe5 f6 24. Bc7 Rd7 25. Bb6 Ra8 26. Bb5 1-0